000 01005nam a2200241 a 4500
001 77728
003 BD-RjUL
005 20211209083021.0
008 210102s1986 ii 000 0 ben
035 _a(BD-RjUL)77954
040 _aDLC
_cDLC
_dBD-RjUL
_beng
041 _aben
082 0 0 _a322.42095412
_bRAB 1996
_219
100 _aরায়, সুপ্রকাশ
_9116896
245 _aভারতের কৃষক বিদ্রোহ ও গনতান্ত্রিক সংগ্রাম /
_cসুপ্রকাশ রায়
250 _a২য় সং
260 _aকলিকাতা :
_bবুক ওয়ালর্ড,
_c১৯৯৬
300 _a২০, ৪৩১পৃ. ;
_c২২ সেমি.
650 _aকৃষক
_vরাজনৈতিক কার্যকলাপ
_xইতিহাস
_zভারত
_9243178
650 _aPeasants
_vPolitical activity
_xHistory
_zIndia
_9243179
651 _aIndia -- Bihar -- History.
_9243180
942 _2ddc
_cBK
999 _c77728
_d77728